[Event "Prague Golden Blitz op"]
[Site "Prague"]
[Date "2023.06.18"]
[Round "9"]
[White "Horacek, Vojtech"]
[Black "Hozda, Max"]
[Result "0-1"]
[WhiteElo "1401"]
[BlackElo "1964"]
[PlyCount "60"]
[EventDate "2023.06.18"]
[EventType "swiss (blitz)"]
[EventRounds "11"]
[EventCountry "CZE"]
[SourceTitle "CBM 215 Extra"]
[Source "ChessBase"]
[SourceDate "2023.09.30"]
[SourceVersion "1"]
[SourceVersionDate "2023.09.30"]
[SourceQuality "1"]

1. e4 c6 2. Nf3 d5 3. d3 Bg4 4. h3 Bxf3 5. Qxf3 e6 6. Be2 Nf6 7. 0-0 Nbd7 8. exd5 cxd5 9. Bg5 Be7 10. d4 0-0 11. c4 Rc8 12. cxd5 Nxd5 13. Bxe7 Qxe7 14. Nc3 Nxc3 15. bxc3 Nf6 16. Rac1 Rfd8 17. Rfe1 b6 18. Bd3 Qa3 19. Bb1 h6 20. Qe3 Nd5 21. Qe4 g6 22. Qh4 Kg7 23. c4 Nf6 24. Qf4 Qb4 25. Bd3 Qb2 26. d5 exd5 27. cxd5 Rxc1 28. Rxc1 Rxd5 29. Bc4 Rf5 30. Qe3 Rxf2 0-1

[Event "Prague Golden Blitz op"]
[Site "Prague"]
[Date "2023.06.18"]
[Round "8"]
[White "Kotleska, Roman"]
[Black "Horacek, Vojtech"]
[Result "0-1"]
[WhiteElo "1889"]
[BlackElo "1401"]
[PlyCount "76"]
[EventDate "2023.06.18"]
[EventType "swiss (blitz)"]
[EventRounds "11"]
[EventCountry "CZE"]
[SourceTitle "CBM 215 Extra"]
[Source "ChessBase"]
[SourceDate "2023.09.30"]
[SourceVersion "1"]
[SourceVersionDate "2023.09.30"]
[SourceQuality "1"]

1. e4 c6 2. d4 d5 3. Nc3 dxe4 4. Nxe4 Nf6 5. Nxf6+ gxf6 6. g3 Qc7 7. Bg2 Nd7 8. Nf3 Nb6 9. Bf4 Qd8 10. Qe2 Bg4 11. 0-0-0 Nd5 12. Bd2 Qb6 13. h3 Bh5 14. g4 Bg6 15. c3 0-0-0 16. Nh4 e6 17. Nxg6 hxg6 18. Qc4 Qb5 19. Qxb5 cxb5 20. Kb1 Bh6 21. Bxh6 Rxh6 22. Bxd5 Rxd5 23. Kc2 Kd7 24. f4 g5 25. fxg5 Rxg5 26. Rdf1 Kd6 27. Kd3 a5 28. b3 Rg7 29. a3 e5 30. dxe5+ fxe5 31. Rfg1 Rh4 32. Ke4 Ke6 33. Rh2 Rgh7 34. Rg3 f6 35. Rh1 b6 36. Rh2 Rc7 37. Rd3 f5+ 38. Kf3 e4+ 0-1

[Event "Prague Golden Blitz op 17th"]
[Site "Prague"]
[Date "2022.07.16"]
[Round "1"]
[White "Horacek, Vojtech"]
[Black "Hajiyev, Kanan"]
[Result "0-1"]
[WhiteElo "1528"]
[BlackElo "2084"]
[PlyCount "44"]
[EventDate "2022.07.16"]
[EventType "swiss (blitz)"]
[EventRounds "11"]
[EventCountry "CZE"]
[SourceTitle "CBM 209 Extra"]
[Source "ChessBase"]
[SourceDate "2022.09.30"]
[SourceVersion "1"]
[SourceVersionDate "2022.09.30"]
[SourceQuality "1"]

1. e4 c6 2. Nf3 d5 3. d3 a6 4. Be2 Bg4 5. 0-0 e6 6. Nbd2 Nf6 7. h3 Bh5 8. e5 Nfd7 9. d4 c5 10. c3 Nc6 11. Nb3 Be7 12. Nh2 Bg6 13. f4 cxd4 14. cxd4 Qb6 15. Ng4 a5 16. Rb1 a4 17. Na1 Qxd4+ 18. Qxd4 Nxd4 19. Bd1 Bxb1 20. Be3 Nf5 21. Be2 Be4 22. Nf2 Nxe3 0-1

[Event "Prague Golden Blitz op 17th"]
[Site "Prague"]
[Date "2022.07.16"]
[Round "9"]
[White "Mikhno, Artem"]
[Black "Horacek, Vojtech"]
[Result "0-1"]
[WhiteElo "1317"]
[BlackElo "1528"]
[PlyCount "70"]
[EventDate "2022.07.16"]
[EventType "swiss (blitz)"]
[EventRounds "11"]
[EventCountry "CZE"]
[SourceTitle "CBM 209 Extra"]
[Source "ChessBase"]
[SourceDate "2022.09.30"]
[SourceVersion "1"]
[SourceVersionDate "2022.09.30"]
[SourceQuality "1"]

1. d4 Nf6 2. c4 e6 3. Nc3 d5 4. Bg5 Be7 5. e3 0-0 6. cxd5 exd5 7. Nf3 Nbd7 8. Bd3 h6 9. Bh4 c6 10. 0-0 Nb6 11. Re1 Bg4 12. h3 Bh5 13. Be2 Re8 14. Rc1 Nc8 15. Ne5 Nd6 16. Bxf6 gxf6 17. Bxh5 fxe5 18. dxe5 Nf5 19. Qg4+ Ng7 20. f4 Bc5 21. Ne2 Bxe3+ 22. Kh1 Bxc1 23. Nxc1 Qc8 24. Qg3 Qf5 25. Bg4 Qg6 26. Qb3 b6 27. Ne2 Nf5 28. Qc2 Ng3+ 29. Nxg3 Qxc2 30. Nf5 Kh7 31. Nd6 Qd2 32. Rd1 Qxf4 33. Nxe8 Rxe8 34. e6 fxe6 35. Rd3 Qf1+ 0-1